000 00712nam a2200217Ia 4500
005 20241216010351.0
008 180423s9999||||xx |||||||||||||| ||und||
082 _a351.0073
_bM61
100 _aMINISTERIO DE ECONOMIA Y FINANZAS.
245 0 _aTABLA DE OPERACIONES <SEGUNDA VERSION>
_bOPERACIONES DE INGRESO Y COMPLEMENTARIAS. SISTEMA INTEGRADO DE ADMINISTRACION FINANCIERA - SIAF.
250 _a0
260 _aLIMA - PERU
_bMEF
_c19
300 _a355 pag
_c21 cm
341 _h0
490 _v0
_a2
505 _aOPERACIONES DE GASTOS/OPERACIONES DE INGRESO/OPERACIONES COM
541 _aD
_bCONTROL PATRIMONIAL UNDAC
_d31-Aug-02
650 _aCIENCIAS SOCIALES
856 _zReferencia
942 _cLIBRO
999 _c12547
_d12547